000 00943nam a2200253 a 4500
001 000028877
003 OSt
005 20250129073605.0
008 100330t1999 dr 001 0dspa d
040 _aDO-SdBNP
_bspa
_cBNPHU
082 _a923.27293
_bD812b 1999
_222
100 1 _aBalcácer, Juan Daniel,
_d1949-
_96566
245 1 0 _aVicisitudes de Juan Pablo Duarte /
_cJuan Daniel Balcácer.
260 _aSanto Domingo :
_bBanco Central de la República Dominicana,
_c1999.
300 _a143 p. ;
_c24 cm.
500 _aIncluye datos biográficos del autor en las solapas.
500 _aIncluye referencias bibliográficas y notas al pie de las páginas
504 _aBibliografía : p.126-143
590 _aInventariado, 2020 / DG
600 1 0 _aDuarte, Juan Pablo,
_d1813-1876
_91494
651 0 _aRepública Dominicana --
_xHistoria --
_y1844-1930
_91009
910 _aVMateo / Validado. Control de calidad EMS
942 _2ddc
_cLBS1
999 _c28369
_d28369